| 000 | 005100000a22001810004500 | ||
|---|---|---|---|
| 003 | LK-CoMWRAF | ||
| 005 | 20231006115536.0 | ||
| 008 | 230817t1961 ||||| |||| 00| 0 eng d | ||
| 040 |
_aLK-CoMWRAF _dLK-CoMWRAF _eLK-CoMWRAF |
||
| 041 | _aeng | ||
| 082 |
_a297 _bSID |
||
| 100 | _aSiddiqi, Muhammad Zubayr | ||
| 245 |
_aThe Hadith for beginners : _bAn introduction to major Hadith works and their compilers |
||
| 260 |
_aNew Delhi : _bGoodword books, _c2000 |
||
| 300 | _a223p | ||
| 650 | _aHadiths | ||
| 942 | _cBK | ||
| 999 |
_c228 _d228 |
||